| 000 | 00627nam a22001577a 4500 | ||
|---|---|---|---|
| 003 | OSt | ||
| 005 | 20150906105855.0 | ||
| 008 | 150906b xxu||||| |||| 00| 0 eng d | ||
| 040 | _cRUA | ||
| 082 | _aAGR ចំរើន 1989 B001 Or.1 | ||
| 100 |
_990 _aចំរើន មុទិតា |
||
| 245 | _aការលូតលាស់រីកចំរើននិងទិន្នផលពូជស្រូវIR-42អាស្រ័យទៅតាមពេលវេលានៃការប្រើប្រាស់ជីអាសូត | ||
| 260 |
_aPhnom Penh _bRUA _c1989 |
||
| 300 |
_a101p. _bill. _c29cm. |
||
| 942 |
_2ddc _cAGR |
||
| 999 |
_c85 _d85 |
||